1807 1675 1268 1957 1444 1593 1801 1715 1796 1350 1220 1564 1673 1432 1577 1647 1643 1347 1778 1096 1938 1441 1876 1995 1222 1918 1294 1592 1429 1167 1179 1390 1135 1734 1041 1135 1518 1718 1733 1066 1057 1397 1466 1318 1013 1901 1299 1015 1028 1348 1579 1048 1060 1491 1478 1748 1542 1887 1134 1903 1691 1342 1094 1425 1106 1191 1256 1782 1005 1110 1831 1018 1003 1380 1110 1287 1085 1792 1987 1302 1990 1778 1733 1563 1833 1221 1532 1035 1146 1673 1698 1058 1589 1963 1066 1668 1759 1301 1005 BCNSPRNW ULIB Ver.6.0+V

เปลี่ยนเป็นภาษาไทย

Change to English
 แสดงรายละเอียดบรรณานุกรม
  กลับหน้าหลัก

Brief Record : Get Marc (ISO 2709) : E-mail record : QR code < ปิดหน้าต่าง
LEADER : 00000nam 2200000uu 4500
001    13399114914
003     ULIB
008    120621s||||||||th 000 0 tha d
060  4 WY18.8^bค111ก
110 1  คณะผู้เข้าอบรมรุ่นที่ 1 วิทยาลัยในสังกัดสถาบันพระบรมราชชนก สำนักงานปลัดกระทรวงสาธารณสุข
245 00 การเรียนการสอนการพยาบาลด้วยหัวใจความเป็นมนุษย์^bHumanistic Nursing Care^cคณะผู้เข้าอบรมรุ่นที่ 1 วิทยาลัยในสังกัดสถาบันพระบรมราชชนก
246 0  Humanistic Nursing Care
260    นนทบุรี:^bกลุ่มพัฒนาการศึกษา สถาบันพระบรมราชชนก,^c2554
300    55 หน้า :^bภาพประกอบ,^c29 ซม.
500    คณะผู้เข้าอบรมรุ่นที่ 1 วิทยาลัยในสังกัดสถาบันพระบรมราชชนก ณ Collegge of Mount Saint Vincent New York city, USA 26 June-18 July 2010
650  4 พยาบาล^xการเรียนการสอน
650  4 การพยาบาลด้วยหัวใจความเป็นมนุษย์
945    ^p0^l0^i032104
945    ^p0^l0^i032105
945    ^p0^l0^i032106
945    ^p0^l0^i032107
945    ^p0^l0^i032108
995    เกษร
999 ^a ใช้งานได้ทุกระบบ
รายการนี้ยังไม่มีแท็ก
คุณยังไม่ได้ล็อกอิน คุณสามารถมีกิจกรรมร่วมกับเว็บไซต์ได้ แต่ต้องล็อกอินก่อน ::
  ล็อกอิน

รายการสื่อสารสนเทศ

ลำดับที่ ประเภท เลขเรียก/บาร์โค้ด สถานที่ สถานะ
1. วิทยาศาสตร์การแพทย์ และสุขภาพ
หนังสือสำรอง
สถานะ=หนังสือสำรอง
WY18.8 ค111ก ฉ.1 
  Barcode: 032104
ห้องสมุดวิทยาเขตสวรรค์ประชารักษ์
►ส่วนจัดเก็บหนังสือเก่า สปร
บนชั้น
  ขอยืม
2. วิทยาศาสตร์การแพทย์ และสุขภาพ
วิทยาศาสตร์การแพทย์ และสุขภาพ
WY18.8 ค111ก ฉ.2 
  Barcode: 032105
ห้องสมุดวิทยาเขตสวรรค์ประชารักษ์
►ส่วนจัดเก็บหนังสือเก่า สปร
บนชั้น
  ขอยืม
3. วิทยาศาสตร์การแพทย์ และสุขภาพ
วิทยาศาสตร์การแพทย์ และสุขภาพ
WY18.8 ค111ก ฉ.3 
  Barcode: 032106
ห้องสมุดวิทยาเขตสวรรค์ประชารักษ์
►ส่วนจัดเก็บหนังสือเก่า สปร
บนชั้น
  ขอยืม
4. วิทยาศาสตร์การแพทย์ และสุขภาพ
วิทยาศาสตร์การแพทย์ และสุขภาพ
WY18.8 ค111ก ฉ.4 
  Barcode: 032107
ห้องสมุดวิทยาเขตสวรรค์ประชารักษ์
►ส่วนจัดเก็บหนังสือเก่า สปร
บนชั้น
  ขอยืม
5. วิทยาศาสตร์การแพทย์ และสุขภาพ
วิทยาศาสตร์การแพทย์ และสุขภาพ
WY18.8 ค111ก ฉ.5 
  Barcode: 032108
ห้องสมุดวิทยาเขตสวรรค์ประชารักษ์
►ส่วนจัดเก็บหนังสือเก่า สปร
บนชั้น
  ขอยืม

BibComment


ยังไม่เคยถูกคอมเมนท์

คอมเมนท์ทรัพยากรรายการนี้
  คอมเมนท์: การเรียนการสอนการ..


 Copyright 2026. Bcnsprnw @Library